La responsabilité du transporteur aerien pour retard / (Registro nro. 87878)

Detalles MARC
000 -LEADER
campo de control de longitud fija 00567nam a2200181 i 4500
001 - NÚMERO DE CONTROL
campo de control 87878
003 - IDENTIFICADOR DE NÚMERO DE CONTROL
campo de control ES-MaACL
005 - FECHA Y HORA DE LA ÚLTIMA TRANSACCIÓN
campo de control 20230906175746.0
007 - CAMPO FIJO DE DESCRIPCIÓN FÍSICA--INFORMACIÓN GENERAL
campo de control de longitud fija t|
008 - DATOS DE LONGITUD FIJA--INFORMACIÓN GENERAL
campo de control de longitud fija 041227s1950 fr ||||1| fre d
100 1# - ENTRADA PRINCIPAL--NOMBRE DE PERSONA
Nombre de persona Lacombe, Jacques.
9 (RLIN) 69380
245 13 - MENCIÓN DEL TÍTULO
Título La responsabilité du transporteur aerien pour retard /
Mención de responsabilidad, etc. par J. Lacombe et M. Saporta.
260 ## - PUBLICACIÓN, DISTRIBUCIÓN, ETC.
Lugar de publicación, distribución, etc. [S.l. :
Nombre del editor, distribuidor, etc. s.n.,
Fecha de publicación, distribución, etc. 1950?]
300 ## - DESCRIPCIÓN FÍSICA
Extensión 6 p. ;
Dimensiones 25 cm.
500 ## - NOTA GENERAL
Nota general Es Separata de: Revue Générale de l'Air, 1950, p. 682-692.
700 1# - ENTRADA AGREGADA--NOMBRE PERSONAL
Nombre de persona Saporta, M.
9 (RLIN) 103724
852 ## - LOCALIZACIÓN
Ubicación ES-MaACL
Número de control de estantería 1928-F-6
Sublocalización o colección R.31310
Existencias
Estatus retirado Estado de pérdida Estado de daño No para préstamo Colección Biblioteca de origen Biblioteca actual Ubicación en estantería Fecha de adquisición Fuente de adquisición Total de préstamos Signatura topográfica completa Código de barras Visto por última vez Precio de reemplazo Tipo de ítem Koha
        Colección de folletos Biblioteca del Ateneo de Madrid Biblioteca del Ateneo de Madrid Depósito folletos 17/01/2008     1928-F-6 1091801 23/02/2023 23/02/2023 Folleto